|
|
|
|
| LEADER |
01375nam a22002897a 4500 |
| 001 |
32550 |
| 003 |
BD-DhAAL |
| 005 |
20250626101205.0 |
| 008 |
171214t2017 bg a|||| i||| 001 0aeng d |
| 020 |
|
|
|a 9789849300106
|
| 040 |
|
|
|a BD-DhAAL
|d BD-DhAAL
|
| 082 |
|
|
|a 954.9040924
|
| 100 |
|
|
|a Islam, Nurul.
|9 24270
|
| 245 |
|
|
|a An odyssey :
|b the journey of my life /
|c Nurul Islam.
|
| 260 |
|
|
|a Dhaka :
|b Prothoma Prokashan,
|c c2017.
|
| 300 |
|
|
|a 287 pages :
|b illustrations ;
|c 22 cm.
|
| 500 |
|
|
|a Includes index.
|
| 526 |
|
|
|a AAL
|
| 541 |
|
|
|a Prothoma, Donated by Akbar Ali Khan
|e 32550, 32997, 40452
|
| 600 |
|
|
|a Islam, Nurul.
|9 24271
|
| 651 |
|
|
|a Pakistan
|x Politics and government.
|9 24272
|
| 852 |
|
|
|a Ayesha Abed Library
|c General stacks
|
| 942 |
|
|
|2 ddc
|c BK
|
| 999 |
|
|
|c 38832
|d 38832
|
| 952 |
|
|
|0 0
|1 0
|2 ddc
|4 0
|6 954_904092400000000_ISL
|7 0
|9 62305
|a IGS
|b IGS
|c GEN
|d 2017-12-14
|e Prothoma
|g 480.00
|l 0
|o 954.9040924 ISL
|p 3010032550
|r 2017-12-14
|t 1
|v 600.00
|w 2017-12-14
|y BK
|
| 952 |
|
|
|0 0
|1 0
|2 ddc
|4 0
|6 954_904092400000000_ISL
|7 0
|9 62989
|a BRACUL
|b BRACUL
|c GEN
|d 2018-03-22
|e Complementary copy from Nurul Islam
|l 3
|m 25
|o 954.9040924 ISL
|p 3010032997
|r 2024-01-22
|s 2023-06-22
|t 2
|w 2018-03-22
|y BK
|
| 952 |
|
|
|0 0
|1 0
|2 ddc
|4 0
|6 954_904092400000000_ISL
|7 1
|9 72843
|a BRACUL
|b BRACUL
|c AAKC
|d 2023-01-10
|e Donated by Akbar Ali Khan
|g 600.00
|l 0
|o 954.9040924 ISL
|p 3010040452
|r 2023-01-10
|t 3
|v 600.00
|w 0000-00-00
|y BK
|